Речові докази у кримінальному провадженні (Запис № 458668)

МАРК-запис
000 -Лідер
fixed length control field 03267nam a22002657a 4500
001 - Контрольний номер
control field 5150453
003 - Ідентифікатор контрольного номера
control field UA-OsUOA
005 - Дата та час останнього входження (трансакції)
control field 20201105171059.0
008 - Елементи даних фіксованої довжини – загальна інформація
fixed length control field 200401b un ||||| m||| 00| 0 ukr d
040 ## - Джерело каталогізації
Агенція оригінальної каталогізації UA-OsUOA
Мова каталогізації ukr
Агенція, яка здійснювала перезапис UA-OsUOA
Агенція, яка здійснювала модифікацію UA-OsUOA
041 ## - Код мови
Код мови тексту/ звукової доріжки чи окремого заголовка (П) ukr
080 ## - Індекс Універсальної десяткової класифікації
Індекс Універсальної десяткової класифікації (УДК) (НП) 343.146
090 ## - Локальний шифр розміщення
Класифікаційний індекс УДК 343.146
095 ## - Код спеціальності для авторефератів
Код спеціальності 12.00.09
Назва спеціальності кримінальний процес та криміналістика; судова експертиза; оперативно-розшукова діяльність
100 ## - Основне введення – ім’я особи
Ім’я особи (НП) Крицька І. О.
245 ## - Відомості про назву
Назва (НП) Речові докази у кримінальному провадженні
Дані про відповідальність (НП) Крицька Ірина Олександрівна ; наук. керівник Туманянц Ануш Робертівна
260 ## - Публікація, розповсюдження і т.п. (Вихідні дані)
Місце публікації, розповсюдження і т.п. (П) Харків
Дата публікації, розповсюдження і т.п. (П) 2017
300 ## - Фізичний опис
Обсяг 20 с.
502 ## - Примітка про дисертацію
Зв'язок Автореферат дисертації на здобуття наукового ступеня кандидата юридичних наук<br/>
Наймення інституції, що представляється Національного юридичного університету імені Ярослава Мудрого
Рік отримання вченого ступеня 2017
520 ## - Резюме і т.п.
Резюме, реферат, анотація, тощо (НП) У роботі комплексно досліджено теоретичні і практичні аспекти нормативної регламентації процесуального порядку формування речових доказів та їх використання у кримінальному провадженні, удосконалено доктринальне визначення поняття речових доказів, розкрито їх сутнісні елементи й ознаки, встановлено співвідношення між речовими доказами та іншими матеріальними об’єктами, запропоновано авторську класифікацію речових доказів у кримінальному провадженні залежно від способу їх отримання й характеру правообмеження при їх збиранні. <br/>Розкрито сутність і структуру процесуального механізму формування речових доказів у кримінальному провадженні, розглянуто його елементи. <br/>На підставі проведеного дослідження й узагальнення правозастосовної практики виявлено недоліки правового регулювання процесуального порядку формування речових доказів у кримінальному провадженні, сформульовано науково обґрунтовані пропозиції, спрямовані на вдосконалення чинного кримінального процесуального законодавства.
650 ## - Додаткове предметне введення – тематичний термін
Джерело заголовка чи терміна UDC
Тематичний термін чи географічна назва, як елемент введення (НП) 343 Кримінальне право. Карні порушення
942 ## - Додаткові елементи входу (Коха)
Source of classification or shelving scheme Universal Decimal Classification
Тип елемента Koha Автореферат
955 ## - Код типу видання за змістом
Код типу видання за змістом (НП) Наукові видання

Немає доступних примірників.